000 00582nam a2200193 i 4500
001 118910
003 ES-MaACL
005 20250721200457.0
007 t|
008 070214s1944 sp |||| | spa d
100 1 _aPérez Delgado, C.
_990826
245 1 0 _aEnfermedades de la infancia producidas por virus /
_cCipriano Pérez Delgado.
260 _aMadrid :
_bAfrodisio Aguado,
_c1944.
300 _aXXVIII, 395 p. ;
_c24 cm.
650 0 4 _aNiños-
_xEnfermedades.
_915546
650 7 _aEnfermedades víricas
_2
_9147125
852 _aES-MaACL
_jE-794
999 _c118910
_d118910